000 00425nam a2200169Ia 4500
001 25456
003 IN-NITTTR
005 20251114233323.0
008 251113s9999||||xx |||||||||||||| ||eng||
040 _beng
040 _cIN-NITTTR
041 _aeng
082 _a515.2433 F858I
100 _aFrazier, Michael W.
245 3 _aAn introduction to wavelets through linear algebra /
_cFrazier, Michael W.
942 _2ddc
_cBK
999 _c28085
_d28085